The Panama Hat Trail (Record no. 533693)
[ view plain ]
| 000 -LEADER | |
|---|---|
| fixed length control field | 00254nam a22001217a 4500 |
| 020 ## - INTERNATIONAL STANDARD BOOK NUMBER | |
| International Standard Book Number | 0816535876 |
| 040 ## - CATALOGING SOURCE | |
| Transcribing agency | MSOHAIL |
| 082 ## - DEWEY DECIMAL CLASSIFICATION NUMBER | |
| Classification number | 382.4568741 |
| 100 ## - MAIN ENTRY--PERSONAL NAME | |
| Personal name | Tom Miller |
| 9 (RLIN) | 27654 |
| 245 ## - TITLE STATEMENT | |
| Title | The Panama Hat Trail |
| 300 ## - PHYSICAL DESCRIPTION | |
| Extent | 270,p; |
| 942 ## - ADDED ENTRY ELEMENTS (KOHA) | |
| Source of classification or shelving scheme | |
| Koha item type | Book |
| Withdrawn status | Lost status | Source of classification or shelving scheme | Damaged status | Not for loan | Permanent Location | Current Location | Date acquired | Total Checkouts | Full call number | Barcode | Date last seen | Price effective from | Koha item type |
|---|---|---|---|---|---|---|---|---|---|---|---|---|---|
| School of Civil and Environmental Engineering (SCEE) | School of Civil and Environmental Engineering (SCEE) | 01/16/2020 | 382.4568741 | NIT-9284 | 01/16/2020 | 01/16/2020 | Book |
